| 000 | 00948cam a2200337 4500 | ||
|---|---|---|---|
| 001 | 4329305 | ||
| 003 | DO-SdBNP | ||
| 005 | 20240904113247.0 | ||
| 007 | 4329305 | ||
| 008 | 080902s2009 sp 000 p spa | ||
| 015 | _a | ||
| 017 |
_a _b |
||
| 020 | _a9788497643689 | ||
| 035 | _a | ||
| 040 |
_aBPMSU _bspa _cBPMSU _e |
||
| 080 | _a | ||
| 082 | 4 |
_a883.2 _bH766o 2009 _222 |
|
| 100 | 0 | _aHomero | |
| 245 | 1 | 0 |
_aOdisea / _cHomero ; introducción, Juan Alarcón Benito _h |
| 260 |
_aMadrid, España : _bEdimat, _c2009. |
||
| 300 |
_a327 p. ; _c20 cm |
||
| 490 | 0 | _aClásicos de la literatura | |
| 590 | _aInventariado, 2024/VM | ||
| 600 |
_a Homero, Siglo IX? a.C. _dSiglo IX? a.c _cOdisea |
||
| 650 | 4 | _a Poesía épica griega | |
| 650 | 4 |
_aOdisea (Mitología griega) _vPoesía _x |
|
| 700 | 1 | _aAlarcón Benito, Juan | |
| 830 | 0 | _pClásicos de la literatura | |
| 910 | _aVMateo V. Control de calidad. BPMSU | ||
| 942 |
_2ddc _cBK |
||
| 999 |
_c9265 _d9265 |
||